100 Biggest NATO Cities - Statistics

General Stats
  • This quiz has been taken 1,067 times
  • The average score is 72 of 97
Answer Stats
# Country Pop City % Correct
4
14.6 m London
99%
1
22.2 m New York
99%
5
11.3 m Paris
99%
3
14.8 m Istanbul
98%
2
17.7 m Los Angeles
98%
11
7.30 m Toronto
97%
14
6.35 m Madrid
96%
30
3.60 m Rome
96%
22
4.70 m Barcelona
95%
23
4.63 m Berlin
95%
6
9.75 m Chicago
95%
15
6.25 m Miami
94%
21
4.85 m Ankara
93%
13
6.50 m Houston
93%
19
5.15 m Milan
93%
8
7.80 m San Francisco
93%
46
2.43 m Amsterdam
92%
31
3.38 m Athens
92%
12
6.90 m Dallas
92%
39
3.03 m Manchester
92%
54
2.25 m Munich
91%
7
8.50 m Washington, D.C.
91%
9
7.60 m Boston
90%
59
2.05 m Brussels
90%
53
2.30 m Warsaw
90%
44
2.58 m Budapest
89%
41
2.83 m Hamburg
89%
45
2.55 m Lisbon
89%
25
4.23 m Naples
89%
100
1.17 m Oslo
89%
43
2.73 m Vancouver
89%
27
4.20 m Montreal
88%
10
7.35 m Philadelphia
88%
25
4.23 m Seattle
88%
36
3.10 m Birmingham
87%
55
2.20 m Bucharest
87%
34
3.23 m Frankfurt am Main
86%
16
5.70 m Atlanta
85%
72
1.66 m Marseille
85%
85
1.42 m Prague
85%
76
1.65 m Copenhagen
84%
66
1.86 m Liverpool
84%
63
1.98 m Lyon
84%
35
3.20 m Rotterdam - The Hague
84%
32
3.33 m San Diego
84%
16
5.70 m Detroit
83%
24
4.50 m Phoenix
82%
98
1.22 m Ottawa
81%
29
3.65 m Denver
80%
72
1.66 m Glasgow
80%
92
1.30 m Sofia
79%
66
1.86 m Austin
78%
55
2.20 m Las Vegas
77%
57
2.15 m Leeds
77%
47
2.38 m Portland
77%
68
1.76 m Valencia
77%
36
3.10 m Minneapolis
74%
72
1.66 m Turin
74%
33
3.28 m Orlando
73%
89
1.33 m Edmonton
72%
40
3.00 m Izmir
72%
57
2.15 m San Antonio
72%
89
1.33 m Seville
72%
27
4.20 m Tampa
72%
82
1.47 m Calgary
71%
38
3.05 m Cleveland
71%
86
1.39 m Jacksonville
71%
51
2.35 m St. Louis
70%
47
2.38 m Charlotte
69%
64
1.95 m Indianapolis
69%
84
1.43 m Nashville
69%
47
2.38 m Stuttgart
69%
64
1.95 m Kansas City
67%
70
1.70 m Columbus
66%
59
2.05 m Pittsburgh
66%
42
2.75 m Cincinnati
65%
59
2.05 m Sacramento
62%
80
1.55 m Milwaukee
60%
51
2.35 m Salt Lake City
59%
96
1.24 m Antalya
57%
80
1.55 m Sheffield
56%
82
1.47 m Newcastle
55%
88
1.35 m Buffalo
53%
94
1.29 m Lille
53%
78
1.59 m Raleigh
53%
99
1.19 m Nuremberg
51%
87
1.37 m Nottingham
43%
62
2.03 m Bursa
42%
77
1.62 m Virginia Beach
40%
72
1.66 m Gaziantep
35%
69
1.72 m Adana
33%
79
1.57 m Mannheim
33%
71
1.69 m Hartford
29%
95
1.28 m Konya
28%
91
1.32 m Harrisburg
17%
97
1.23 m Stockton
15%
92
1.30 m McAllen
13%
No matching quizzes found
Score Distribution
Percent of People with Each Score
Percentile by Number Answered
Your Score History
You have not taken this quiz